Adivinhe o jogador do Corinthians pela foto (fev/24) - parte 2 - Statistics

Estatísticas Gerais
  • Esse quiz foi jogado 289 vezes
  • A pontuação média é 9 de 10
Estatísticas das Respostas
Imagem Resposta % Correto
Fagner
99%
Pedro Raul
98%
Paulinho
96%
Raul Gustavo
95%
Gustavo Henrique
94%
Wesley
92%
Guilherme Biro
90%
Matheus Donelli
89%
Giovane
71%
Mateus Araújo
64%
Nenhum quiz correspondente encontrado
Distribuição das Pontuações
Porcentagem de Pessoas com Cada Pontuação
Percentil de Números Respondidos
Sua Pontuação Histórica
Você não jogou esse quiz